000 00647nam a2200193Ia 4500
003 OSt
005 20250821134944.0
008 210210b2000 xxu||||| |||| 00| 0 eng d
040 _cAL
041 _aKannada
082 _aK894.4 SUMM
100 _aSUMUKHANANDA JALAVALLI.
_9236859
_dಸುಮುಖಾನಂದ ಜಲವಳ್ಳಿ
245 _aManaviya maulya mattu dharma: vaicharika krati.
_bಮಾನವೀಯ ಮೌಲ್ಯ ಮತ್ತು ಧರ್ಮ: ವೈಚಾರಿಕ ಕೃತಿ
260 _aKinnigoli
_bSumukha Prakashana
_c2000
300 _a118
690 _aKannada Prose
_9236860
906 _a060786
942 _2ddc
_cBK
999 _c107845
_d107845